Entry Personal Name
Number of records used in: 1
001 - CONTROL NUMBER
003 - CONTROL NUMBER IDENTIFIER
005 - DATE AND TIME OF LATEST TRANSACTION
- control field:
20231019130615.0
008 - FIXED-LENGTH DATA ELEMENTS
- fixed length control field:
890111n| acannaab| |a aaa |||
010 ## - LIBRARY OF CONGRESS CONTROL NUMBER
- LC control number:
n 84171581
040 ## - CATALOGING SOURCE
- Original cataloging agency:
DLC
- Transcribing agency:
DLC
- Modifying agency:
DLC
100 10 - HEADING--PERSONAL NAME
- Personal name:
Jacob, T. G.
400 10 - SEE FROM TRACING--PERSONAL NAME
- Personal name:
Jēkkab, Tondaliḷ Gīvargīs
400 10 - SEE FROM TRACING--PERSONAL NAME
- Personal name:
Jacob, Thondalil Geevarghese
670 ## - SOURCE DATA FOUND
- Source citation:
National question in India, 1988:
- Information found:
t.p. (T.G. Jacob)
670 ## - SOURCE DATA FOUND
- Source citation:
War & national liberation, 1988:
- Information found:
t.p. (T.G. Jacob)
670 ## - SOURCE DATA FOUND
- Source citation:
Ltr. fr. auth., 8/1/88
- Information found:
(Tondaliḷ Gīvargīs Jēkkab; Jacob, Thondalil Geevarghese; b. 5/24/1951)